000 00715nam a2200181 a 4500
001 000035432
005 20200930074334.0
008 111031s1953 ag 000 0 spa d
040 _aDO-SdBNP
_bspa
_cBNPHU
082 _axxxx
_bxxxx
100 1 _aGavrilov, Konstantin
_961265
245 1 3 _aEl psicoanalisis a la luz de la reflexología :
_benfoques biologicos de la psicología profunda /
_cKonstantin Gavrilov ; prólogo Juan Dalma.
260 _aBuenos Aires, :
_bPaidos,
_c1953.
300 _a377 p. ;
_c21 cm.
504 _aIncluye referencias bibliográficas y notas al pie de las páginas
590 _aPerteneció a la biblioteca personal de Juan Isidro Jimenes Grullón
700 1 _aDalma, Juan,
_etr.
_961266
999 _c34923
_d34923